Use data to build better buildings (Record no. 72555)
[ view plain ]
| 000 -LEADER | |
|---|---|
| fixed length control field | 01148cam a2200241 4500 |
| 001 - CONTROL NUMBER | |
| control field | ABS66581 |
| 008 - FIXED-LENGTH DATA ELEMENTS--GENERAL INFORMATION | |
| fixed length control field | 030429n2003 000 0 eng u |
| 035 ## - SYSTEM CONTROL NUMBER | |
| System control number | (Sirsi) u122101 |
| 100 ## - MAIN ENTRY--PERSONAL NAME | |
| Personal name | Bruhns, H. |
| 245 ## - TITLE STATEMENT | |
| Title | Use data to build better buildings |
| 260 ## - PUBLICATION, DISTRIBUTION, ETC. | |
| Date of publication, distribution, etc. | 2003 |
| 490 ## - SERIES STATEMENT | |
| Series statement | Estates Gazette |
| Volume/sequential designation | (0313) 29 March 2003, 101(1) |
| 520 ## - SUMMARY, ETC. | |
| Summary, etc. | Suggests that achieving a sustainable built environment requires the development of an information infrastructure that contains statistical data on the UK's built stock. Gives the example of a university research team who developed a GIS database to provide wall-to-floor ratios for buildings of different types and sizes. This was then used for an energy model of England and Wales. Concludes that this kind of information base is of great value to the property industry and that the industry should therefore back similar research. |
| 590 ## - LOCAL NOTE (RLIN) | |
| Local note | ABS |
| 650 ## - SUBJECT ADDED ENTRY--TOPICAL TERM | |
| Topical term or geographic name entry element | BUILT ENVIRONMENT |
| 650 ## - SUBJECT ADDED ENTRY--TOPICAL TERM | |
| Topical term or geographic name entry element | GIS |
| 650 ## - SUBJECT ADDED ENTRY--TOPICAL TERM | |
| Topical term or geographic name entry element | GIS |
| 650 ## - SUBJECT ADDED ENTRY--TOPICAL TERM | |
| Topical term or geographic name entry element | Sustainability |
| 9 (RLIN) | 6271 |
| 650 ## - SUBJECT ADDED ENTRY--TOPICAL TERM | |
| Topical term or geographic name entry element | ENERGY MANAGEMENT |
| 650 ## - SUBJECT ADDED ENTRY--TOPICAL TERM | |
| Topical term or geographic name entry element | PROPERTY INDUSTRY |
| 690 ## - LOCAL SUBJECT ADDED ENTRY--TOPICAL TERM (OCLC, RLIN) | |
| Topical term or geographic name as entry element | BUILT ENVIRONMENT-SUSTAINABLE CONSTRUCTION |
| 942 ## - ADDED ENTRY ELEMENTS (KOHA) | |
| Suppress in OPAC | 0 |
| Withdrawn status | Lost status | Source of classification or shelving scheme | Damaged status | Not for loan | Home library | Current library | Shelving location | Date acquired | Total Checkouts | Full call number | Barcode | Date last seen | Copy number | Price effective from | Koha item type |
|---|---|---|---|---|---|---|---|---|---|---|---|---|---|---|---|
| Dewey Decimal Classification | London | London | Journal article | 29/04/2003 | ABS66581 | 122101-1001 | 06/08/2019 | 1 | 06/08/2019 | Journal article |